| 000 | 00484nam a2200205Ia 4500 | ||
|---|---|---|---|
| 008 | 170918s9999 xx 000 0 und d | ||
| 020 | _a9781416972259 | ||
| 050 | _bC591 2009 | ||
| 100 | _aClare, Cassandra | ||
| 245 | _aCity of glass / | ||
| 245 | _cby Cassandra Clare. | ||
| 260 | _aUSA : | ||
| 260 | _bMcElderry Books, | ||
| 260 | _c2009 | ||
| 300 | _a541 pages : | ||
| 300 | _billustrations ; | ||
| 300 | _c20cm. | ||
| 300 | _eThe mortal instruments ; | ||
| 440 | _a3 | ||
| 999 |
_c343608 _d343608 |
||